Rubber/filler batches in powder form - contribution to the simplified production of rubber compounds (Record no. 68166)

MARC details
000 -LEADER
fixed length control field 00370nam a2200121Ia 4500
100 ## - MAIN ENTRY--AUTHOR NAME
Personal name Gori U
245 #0 - TITLE STATEMENT
Title Rubber/filler batches in powder form - contribution to the simplified production of rubber compounds
260 ## - PUBLICATION, DISTRIBUTION, ETC. (IMPRINT)
Name of publisher Kautschuk Gummi Kunststoffe
Year of publication 1998
300 ## - PHYSICAL DESCRIPTION
Number of Pages 250-258
700 ## - ADDED ENTRY--PERSONAL NAME
Personal name Nordsiek K H
942 ## - ADDED ENTRY ELEMENTS (KOHA)
Koha item type Journals
Holdings
Withdrawn status Lost status Damaged status Not for loan Home library Current library Shelving location Date acquired Serial Enumeration / chronology Koha item type
      Journals RRII Library RRII Library Rubber chemistry 17/12/2021 Volume 51, Issue 4 Journals